00316nam a2200097Ia 4500008004100000082001500041100003100056245006300087260005100150300001700201230907s9999||||xx |||||||||||||| ||und|| a660.2bHIM aHimmelblau, David Mautner, 0aBasic principles and calculations in chemical engineering/ aPrentice Hall,bUpper Saddle River, NJ :c2012 axx, 945 p. :